Les mammifères terrestres les plus trouvés en France Métropolitaine - Statistiques

Statistiques générales
  • Ce quiz a été pris 110 fois
  • Le résultat moyen est 15 sur 50
Statistiques - réponses
Rang Espece Notes % Correct
27 Chat Forestier
88%
50 Loup Gris
87%
22 Souris grise
83%
9 Cerf Elaphe
78%
8 Sanglier d'Eurasie
78%
4 Renard Roux
72%
7 Lapin de Garenne
68%
32 Loutre commune
65%
2 Chevreuil européen
61%
19 Mouflon méditerranéen
57%
23 Castor d'Eurasie
53%
10 Blaireau européen
51%
11 Marmotte des Alpes
50%
3 Ragondin Non local
49%
5 Herisson d'Europe
41%
26 Taupe d'Europe
41%
15 Belette d'Europe
37%
17 Bouquetin des Alpes
37%
47 Daim européen Non local
37%
14 Fouine
33%
25 Loir Gris
29%
16 Martre des pins
28%
29 Putois d'Europe
27%
18 Hermine
26%
42 Vison d'Amérique Non local
26%
1 Ecureuil Roux
22%
13 Rat Musqué
21%
21 Chamois des Pyrénées / Isard
16%
36 Genette commune
14%
20 Lérot commun
12%
33 Rat Noir
12%
24 Rat Surmulot
9%
6 Lièvre d'Europe
8%
30 Campagnol des champs
7%
39 Campagnol Amphibie
5%
28 Mulot Sylvestre
4%
38 Campagnol Agreste
3%
31 Campagnol roussatre
3%
45 Crocidure des jardins
3%
46 Crossope aquatique
3%
35 Lièvre variable
3%
48 Musaraigne pygmée
3%
41 Rat des moissons
3%
37 Campagnol terrestre
2%
12 Chamois des Alpes
2%
34 Crocidure musette
2%
49 Ecureuil à ventre rouge Non local
2%
40 Lièvre ibérique Non local
1%
43 Mulot à collier
1%
44 Musaraigne couronnée
1%
Aucun quiz correspondant
Distribution des résultats
% des personnes avec chaque résultat
Percentile par nombre de réponses
Votre historique - résultats
Vous n’avez pas pris ce quiz